Concrete technology and practice (Record no. 10073)

000 -LEADER
fixed length control field 00497nam a2200193 i 4500
001 - CONTROL NUMBER
control field 10073
003 - CONTROL NUMBER IDENTIFIER
control field BD-DhUET
008 - FIXED-LENGTH DATA ELEMENTS--GENERAL INFORMATION
fixed length control field 791015s1977 at af 001 0 eng
020 ## - INTERNATIONAL STANDARD BOOK NUMBER
International Standard Book Number 007093343X
040 ## - CATALOGING SOURCE
Original cataloging agency DLC
Transcribing agency DLC
Modifying agency BD-DhUET
082 00 - DEWEY DECIMAL CLASSIFICATION NUMBER
Classification number 620.136
Item number TAY/1977
100 1# - MAIN ENTRY--PERSONAL NAME
Personal name Taylor, W. H.
245 10 - TITLE STATEMENT
Title Concrete technology and practice
250 ## - EDITION STATEMENT
Edition statement 4th ed.
260 ## - PUBLICATION, DISTRIBUTION, ETC. (IMPRINT)
Place of publication, distribution, etc. New York
Name of publisher, distributor, etc. McGraw-Hill Book
Date of publication, distribution, etc. 1977
300 ## - PHYSICAL DESCRIPTION
Extent xvi, 846 p.
Other physical details ill.
Dimensions 25 cm.
650 #0 - SUBJECT ADDED ENTRY--TOPICAL TERM
Topical term or geographic name as entry element Concrete engineering
942 ## - ADDED ENTRY ELEMENTS (KOHA)
Koha item type General Book
Holdings
Lost status Shelving location Date acquired Location (home branch) Price effective from Withdrawn status Sublocation or collection (holding branch) Copy number Koha date last seen Koha normalized classification for sorting Not for loan Damaged status Source of classification or shelving scheme Piece designation (barcode) Koha item type Koha full call number
 Circulation section2015-02-04Central Library, BUET2015-02-04 Central Library, BUET12015-02-04620_136000000000000_TAY_1977   52798General Book620.136/TAY/1977
 Circulation section2015-02-04Central Library, BUET2015-02-04 Central Library, BUET22015-02-04620_136000000000000_TAY_1977   52795General Book620.136/TAY/1977
 Circulation section2015-02-04Central Library, BUET2015-02-04 Central Library, BUET32015-02-04620_136000000000000_TAY_1977   52797General Book620.136/TAY/1977
 Circulation section2015-02-04Central Library, BUET2015-02-04 Central Library, BUET42015-02-04620_136000000000000_TAY_1977   46341General Book620.136/TAY/1977
 Circulation section2015-04-27Central Library, BUET2015-04-27 Central Library, BUET52015-04-27620_136000000000000_TAY_1977   52796General Book620.136/TAY/1977